El Impuesto sobre bienes inmuebles / por Salvador Arnal Suria
ISBN:
84-7052-181-0
Descripción Física:
438 p. ; 24 cm
Colección:
Publicaciones Abella
MARC
| LEADER | 00000nam a2200000Ia 4500 | ||
|---|---|---|---|
| 001 | 18194 | ||
| 008 | 160829s1991 xx 000 0 cat d | ||
| 020 | |a 84-7052-181-0 | ||
| 080 | |a M-5-252 | ||
| 100 | |a Arnal Suría, Salvador |9 1047 | ||
| 245 | |a El Impuesto sobre bienes inmuebles / por Salvador Arnal Suria | ||
| 260 | |a Madrid : |b El Consultor de los Ayuntamientos y de los Juzgados, |c 1991 | ||
| 300 | |a 438 p. ; |c 24 cm | ||
| 490 | |a Publicaciones Abella | ||
| 650 | 0 | |a Impostos immobiliaris |y Espanya |9 23070 | |
| 650 | |a Béns immobles |x Espanya |9 23447 | ||
| 710 | 2 | |a Consultor de los Ayuntamiento y de los Juzgados |e entitat editora |9 55140 | |
| 901 | |a Arxiu | ||
| 942 | |n 1 |2 udc | ||
| 952 | |0 0 |1 0 |4 0 |6 M5252 |7 1 |9 42164 |a Arxiu |b Arxiu |d 2016-12-01 |l 0 |o M-5-252 |p 18194 |r 2016-12-01 00:00:00 |w 2016-12-01 |y ARXIU | ||
| 999 | |c 44611 |d 44611 | ||